| 000 | 00767nam a22001697a 4500 | ||
|---|---|---|---|
| 003 | OSt | ||
| 005 | 20251215142801.0 | ||
| 008 | 251215b |||||||| |||| 00| 0 eng d | ||
| 040 | _cDCL | ||
| 082 | _a၂၉၄.၃၈၂၄ | ||
| 100 | 0 | _aကျော်လွင်၊ ဦး၊ နှစ်ဖက်လှ- | |
| 245 | 1 | 0 |
_aသိပ္ပံအဘိဓမ္မာ၊ _n(ဒုတိယတွဲ) / _cနှစ်ဖက်လှဦးကျော်လွင်။ |
| 264 |
_aရန်ကုန် ၊ _bသကျယင်စိုးစာပေ၊ _c၁၉၉၁။ |
||
| 300 |
_aဋ္ဌ၊ ၃၃၇ စာမျက်နှာ ၊ _c၂၂ စင်တီ။ |
||
| 650 | _aအဘိဓမ္မာ။ | ||
| 942 |
_2ddc _cSHORT TERM _n0 |
||
| 999 |
_c2713 _d2713 |
||